| 000 | 01155nam a2200313 4500 | ||
|---|---|---|---|
| 001 | 0000020499 | ||
| 003 | CO-CtgCURN | ||
| 005 | 20250429224117.0 | ||
| 007 | ta | ||
| 008 | 160627s2001 000 0 eng d | ||
| 020 | _a9505085567 | ||
| 040 |
_aCO-CtgCURN _bspa _ccoctgcurn |
||
| 082 | 0 |
_a347.982 _bG74p |
|
| 100 | 1 | _aGrillo, Horacio Augusto. | |
| 245 | 1 | 0 |
_aPeriodo de sospecha en la legislacion concursal : _befectos retroactivos de la quiebra / _cHoracio Augusto Grillo. |
| 250 | _a2a ed. actualizada y ampliada. | ||
| 260 |
_aBuenos Aires : _bEditorial Astrea, _c2001. |
||
| 300 | _axxiii, 334 p. | ||
| 336 | _2rdacontent | ||
| 337 |
_2rdamedia _asin mediacion _bn |
||
| 338 |
_2rdacarrier _avolumen _bnc |
||
| 504 | _aBibliografia (p. 319-334) | ||
| 505 | 8 | _aDeterminacion de la fecha de inicio del estado de casacion de pagos.--Inoponibilidad.--Nucleo Normativo del sistema.--Regulacion integrativa | |
| 650 | 1 | 4 |
_aDerecho mercantil _zArgentina. |
| 730 | 0 | _aEfectos retroactivos de la quiebra. | |
| 908 | _a160627 | ||
| 942 |
_cBK _h347.982 _iG74p _2ddc |
||
| 999 |
_c39276 _d39276 |
||